| 000 | 00630nas a2200217 4500 | ||
|---|---|---|---|
| 001 | BR9510584 | ||
| 003 | BR-BrBNA | ||
| 005 | 20231205094818.0 | ||
| 007 | ta | ||
| 008 | 230509b bl.|||p| |||| 00| 00por d | ||
| 040 |
_aBR-BrBNA _bpor _cBiblioteca Nacional de Agricultura |
||
| 041 | _a(Pt) | ||
| 072 | _aL20 | ||
| 100 | 1 | _aGoncalves, L.S. | |
| 245 | 1 | _aControlada a agressividade das abelhas gigantes | |
| 650 | _aAbelha | ||
| 650 | _aAgressividade | ||
| 773 | 0 |
_tApicultura no Brasil (Brazil) _xISSN 0102-3659 _g(Jan-Feb 1985), v. 1(6) p. 39 _wBR9510584 |
|
| 909 |
_a202311 _bLúcia _c55 _dLúcia Elande |
||
| 942 |
_2AGRIS _n0 _cANA |
||
| 999 |
_c147011 _d147011 |
||